Normal view
MARC view
- Kuchhal, Vivek
Entry Personal Name
001 - CONTROL NUMBER
- control field: 2053
003 - CONTROL NUMBER IDENTIFIER
- control field: OSt
005 - DATE AND TIME OF LATEST TRANSACTION
- control field: 20180930131758.0
008 - FIXED-LENGTH DATA ELEMENTS
- fixed length control field: 180930|| aca||aabn | a|a d
040 ## - CATALOGING SOURCE
- Original cataloging agency: OSt
100 ## - HEADING--PERSONAL NAME
- Personal name: Kuchhal, Vivek
